000 00755nam a2200229 a 4500
001 27817
003 BD-RjUL
005 20211209051215.0
008 140327s2007 ii d 000 0 eng
035 _a(BD-RjUL)27896
040 _aUKM
_cUKM
_dBWKUK
_dBAKER
_dDLC
_dBD-RjUL
_beng
041 _aeng
082 0 4 _aR 423.12
_223
_bNAN 2007
100 1 _aNarwani, Manish L.
_985383
245 1 2 _aNarwani dictionary of synonyms and antonyms /
_cManish L. Narwani, G. Balasubrmanian
260 _aKolkata :
_bEducational Publisher,
_c2007.
300 _a[4], 567, [1] p. ;
_c24 cm.
650 0 _aEnglish language
_xSynonyms and antonyms
_vDictionaries.
_985384
700 1 _aBalasubramanian, G., jt. auth.
_985385
942 _2ddc
_cREF
999 _c27817
_d27817